Deutsche geographische Vierergruppen - Statistiken

Allgemein
  • Dieses Quiz wurde 144 mal gespielt
  • Das Durchschnittsergebnis liegt bei 13 aus 24
Antwortstatistiken
Hint Antwort % Korrekt
Bundesländer an der Havel Brandenburg
94%
Bundesländer an der Havel Berlin
93%
Bundesländer an der Havel Mecklenburg-Vorpommern
92%
Bundesländer an der Havel Sachsen-Anhalt
92%
Nachbargroßstädte von Bochum Dortmund
87%
Nachbargroßstädte von Bochum Gelsenkirchen
77%
Nachbargroßstädte von Bochum Essen
74%
Deutsche Städte mit mehr als 200.000 Einwohnern und nur einer Silbe im Namen Köln
74%
Deutsche Nebenflüsse der Donau mit mehr als 200 Kilometern Länge Inn
70%
Deutsche Nebenflüsse der Donau mit mehr als 200 Kilometern Länge Isar
66%
Berliner Bezirke mit mehr als 310.000 Einwohnern Mitte
64%
Flüsse, die zusammen mit dem Rhein einen Landkreisnamen bilden Neckar
62%
Deutsche Städte mit mehr als 200.000 Einwohnern und nur einer Silbe im Namen Bonn
61%
Deutsche Städte mit mehr als 200.000 Einwohnern und nur einer Silbe im Namen Kiel
56%
Nachbargroßstädte von Bochum Herne
45%
Deutsche Nebenflüsse der Donau mit mehr als 200 Kilometern Länge Lech
44%
Deutsche Städte mit mehr als 200.000 Einwohnern und nur einer Silbe im Namen Mainz
44%
Berliner Bezirke mit mehr als 310.000 Einwohnern Pankow
38%
Flüsse, die zusammen mit dem Rhein einen Landkreisnamen bilden Lahn
24%
Flüsse, die zusammen mit dem Rhein einen Landkreisnamen bilden Sieg
24%
Flüsse, die zusammen mit dem Rhein einen Landkreisnamen bilden Erft
16%
Deutsche Nebenflüsse der Donau mit mehr als 200 Kilometern Länge Altmühl
13%
Berliner Bezirke mit mehr als 310.000 Einwohnern Charlottenburg-Wilmersdorf
8%
Berliner Bezirke mit mehr als 310.000 Einwohnern Tempelhof-Schöneberg
7%
Keine übereinstimmenden Quizze gefunden
Verteilung der Resultate
Anzahl Personen mit jedem Resultat
Perzentil nach korrekt beantworteten Fragen
Ihre Resultats-Entwicklung
Sie haben dieses Quiz noch nicht gespielt